00591nam a2200229Ia 4500008004100000020001500041040000600056041001200062082001200074082001100086100001300097245006200110245001300172260002500185260003100210260000900241300000800250300001100258365000800269501002800277650005600305141004s9999 xx 000 0 und d a8176462322 ca aEnglish a306.089 bVER/KA aV Verma aKanauras of Kinnaur: A schedule tribe in Himachal Pradesh cV Verma aDarya Ganj,New Delhi bB.R.Publishing Corporation c2002 a313 b21.6cm a700 aKAUCOF  aSceduled tribes in Himachal pradesh, tribes Kinnaur